000 00523nam a2200205Ia 4500
005 20240823050717.0
008 240823s9999||||xx |||||||||||||| ||und||
020 _a978-81-203-4574-4
041 _aENGLISH
082 _A658.562 Q2
100 _aDivya Singhal
245 0 _aImplementing ISO 9001:2008 Quality Management System
250 _a2nd
260 _c2012
_b#VALUE!
500 _aYES
650 _aManagement Systems
_bManagement Studies
700 _a Keshan Ram Singhal
942 _cBK
999 _c217877
_d217877